Irabati / | इराबाती / (Record no. 12781)

000 -LEADER
fixed length control field 00481nam a2200181 4500
008 - FIXED-LENGTH DATA ELEMENTS--GENERAL INFORMATION
fixed length control field 210604b ||||| |||| 00| 0 hin d
020 ## - INTERNATIONAL STANDARD BOOK NUMBER
Terms of availability Rs.50.00
041 0# - LANGUAGE CODE
Language code of text/sound track or separate title hin
082 00 - DEWEY DECIMAL CLASSIFICATION NUMBER
Classification number 891.43
Item number P911
100 ## - MAIN ENTRY--PERSONAL NAME
9 (RLIN) 5002
Personal name Prasad, J.
245 10 - TITLE STATEMENT
Title Irabati /
Title इराबाती /
260 ## - PUBLICATION, DISTRIBUTION, ETC. (IMPRINT)
Place of publication, distribution, etc Delhi :
Name of publisher, distributor, etc Bharati bhasha prakashan,
Date of publication, distribution, etc 1996.
300 ## - PHYSICAL DESCRIPTION
Extent 79 p.
365 ## - TRADE PRICE
Price amount INR 50.00
650 #0 - SUBJECT ADDED ENTRY--TOPICAL TERM
Topical term or geographic name as entry element Hindi fiction
942 ## - ADDED ENTRY ELEMENTS (KOHA)
Source of classification or shelving scheme
Item type Books
Holdings
Withdrawn status Lost status Source of classification or shelving scheme Damaged status Not for loan Permanent location Current location Date acquired Full call number Barcode Date last seen Koha item type
          IMU Kolkata IMU Kolkata 2021-06-04 891.43 P911 08664 2021-06-04 Books
Designed and Maintained by IMU-KC Library, Kolkata Campus © Copyright All Rights Reserved

webs counters

Powered by Koha